[Event "AUT-chT2W 2223"]
[Site "Austria"]
[Date "2023.04.21"]
[Round "9.5"]
[White "Lomsadze, Irakly"]
[Black "Pali, Philipp"]
[Result "0-1"]
[WhiteElo "2119"]
[BlackElo "2212"]
[PlyCount "80"]
[EventDate "2022.09.23"]
[EventType "team-tourn"]
[EventRounds "11"]
[EventCountry "AUT"]
[SourceTitle "EXT 2024"]
[Source "ChessBase"]
[SourceDate "2023.10.10"]
[SourceVersion "1"]
[SourceVersionDate "2023.10.10"]
[SourceQuality "1"]
[WhiteTeam "Salzburg Royal"]
[BlackTeam "Jenbach II"]
[WhiteTeamCountry "AUT"]
[BlackTeamCountry "AUT"]

1. d4 Nf6 2. c4 e6 3. Nf3 d5 4. Nc3 Bb4 5. cxd5 exd5 6. Qa4+ Nc6 7. Ne5 Bd7 8. Nxd7 Qxd7 9. e3 0-0 10. Bd3 a6 11. 0-0 Rfe8 12. Bd2 Bd6 13. h3 b5 14. Qd1 Nb4 15. Be2 c5 16. dxc5 Bxc5 17. a4 Rab8 18. axb5 axb5 19. Ra5 Qe7 20. Bxb5 Red8 21. Qf3 Qe5 22. Rd1 Bd6 23. Bc1 Qh2+ 24. Kf1 d4 25. exd4 Bc7 26. Ra7 Nbd5 27. Bc6 Nf4 28. g3 Qxh3+ 29. Kg1 Bb6 30. Bxf4 Bxa7 31. Bxb8 Bxb8 32. d5 Ba7 33. b4 Ng4 34. Qg2 Bxf2+ 35. Qxf2 Nxf2 36. Kxf2 Qh2+ 37. Ke3 Qxg3+ 38. Kd4 h5 39. b5 h4 40. Ne4 Qg4 0-1

[Event "Tirol Landesliga 2223"]
[Site "Austria"]
[Date "2022.11.27"]
[Round "4.3"]
[White "Pali, Philipp"]
[Black "Embacher, Gregor"]
[Result "1/2-1/2"]
[WhiteElo "2203"]
[BlackElo "2152"]
[PlyCount "73"]
[EventDate "2022.10.01"]
[EventType "team-tourn"]
[EventRounds "9"]
[EventCountry "AUT"]
[SourceTitle "EXT 2024"]
[Source "ChessBase"]
[SourceDate "2023.10.10"]
[SourceVersion "1"]
[SourceVersionDate "2023.10.10"]
[SourceQuality "1"]
[WhiteTeam "Jenbach"]
[BlackTeam "Absam"]
[WhiteTeamCountry "AUT"]
[BlackTeamCountry "AUT"]

1. c4 e6 2. g3 d5 3. Nf3 c5 4. Bg2 Nc6 5. 0-0 Nf6 6. b3 Be7 7. Bb2 d4 8. e3 e5 9. exd4 exd4 10. d3 0-0 11. a3 h6 12. Nbd2 Bf5 13. Qc2 Qd7 14. Rfe1 Rfe8 15. Ne5 Nxe5 16. Rxe5 Bd6 17. Ree1 Rxe1+ 18. Rxe1 Re8 19. Rxe8+ Qxe8 20. Nf3 a5 21. Kf1 b6 22. h3 Nd7 23. Bc1 Ne5 24. Nxe5 Qxe5 25. f4 Qe7 26. g4 Bc8 27. f5 Bg3 28. Be4 Qe5 29. Qd2 Qe7 30. Qe2 Bd6 31. Bd5 Kf8 32. Qxe7+ Kxe7 33. Kg2 Bd7 34. a4 f6 35. Kf3 Be8 36. Bd2 Bh2 37. Ke4 1/2-1/2

[Event "AUT-chT2W 2223"]
[Site "Austria"]
[Date "2022.09.25"]
[Round "3.5"]
[White "Pali, Philipp"]
[Black "Tabernig, Bernhard"]
[Result "0-1"]
[WhiteElo "2212"]
[BlackElo "2311"]
[PlyCount "76"]
[EventDate "2022.09.23"]
[EventType "team-tourn"]
[EventRounds "11"]
[EventCountry "AUT"]
[SourceTitle "CBM 210 Extra"]
[Source "ChessBase"]
[SourceDate "2022.11.30"]
[SourceVersion "1"]
[SourceVersionDate "2022.11.30"]
[SourceQuality "1"]
[WhiteTeam "Jenbach II"]
[BlackTeam "Mayrhofen/Zillertal"]
[WhiteTeamCountry "AUT"]
[BlackTeamCountry "AUT"]

1. c4 e6 2. g3 d5 3. Nf3 Nf6 4. Bg2 dxc4 5. Na3 Bxa3 6. bxa3 b5 7. a4 a6 8. axb5 axb5 9. a4 Bb7 10. Rb1 Rxa4 11. Rxb5 Ra7 12. Bb2 Nbd7 13. 0-0 Bd5 14. Qc2 Qa8 15. Bd4 Ra2 16. Rb2 Rxb2 17. Qxb2 0-0 18. Ra1 Qb8 19. Qc1 c5 20. Be3 Qb7 21. Ra5 Ng4 22. Bf4 e5 23. Be3 Nxe3 24. fxe3 Rb8 25. Kf2 h6 26. Bh3 Nf6 27. Ra1 Qe7 28. Qa3 g6 29. Qa7 Rb7 30. Qa8+ Kg7 31. Qc8 Rc7 32. Qb8 e4 33. Ne1 Rb7 34. Qc8 Rb2 35. Ra5 Rxd2 36. Qxc5 Qe5 37. Rb5 Qh5 38. Bf1 Ng4+ 0-1

[Event "AUT-chT2W 2223"]
[Site "Austria"]
[Date "2022.09.23"]
[Round "1.5"]
[White "Pali, Philipp"]
[Black "Deglmann, Ludwig"]
[Result "1/2-1/2"]
[WhiteElo "2212"]
[BlackElo "2265"]
[PlyCount "64"]
[EventDate "2022.09.23"]
[EventType "team-tourn"]
[EventRounds "11"]
[EventCountry "AUT"]
[SourceTitle "CBM 210 Extra"]
[Source "ChessBase"]
[SourceDate "2022.11.30"]
[SourceVersion "1"]
[SourceVersionDate "2022.11.30"]
[SourceQuality "1"]
[WhiteTeam "Jenbach II"]
[BlackTeam "Absam"]
[WhiteTeamCountry "AUT"]
[BlackTeamCountry "AUT"]

1. c4 f5 2. g3 Nf6 3. Bg2 g6 4. Nc3 Bg7 5. d3 0-0 6. e4 fxe4 7. dxe4 d6 8. Nge2 c5 9. 0-0 Nc6 10. h3 e5 11. Bg5 Be6 12. Nd5 Qd7 13. Kh2 Nd4 14. Qd3 Rae8 15. Nxd4 cxd4 16. Rae1 Kh8 17. f4 Nh5 18. fxe5 Bxe5 19. Nf4 Nxf4 20. gxf4 Bg7 21. b3 Rc8 22. Rc1 a6 23. a4 Rc5 24. Bh4 b5 25. cxb5 axb5 26. Rxc5 dxc5 27. axb5 Rb8 28. f5 gxf5 29. exf5 Bf7 30. Bc6 Qd6+ 31. Bg3 Be5 32. Rg1 Rg8 1/2-1/2

[Event "AUT-ch U18 Online Rapid"]
[Site "Playchess.com INT"]
[Date "2020.12.13"]
[Round "6"]
[White "Bauer, Sebastian1111"]
[Black "Pali, Philipp"]
[Result "1-0"]
[WhiteElo "2090"]
[BlackElo "2004"]
[PlyCount "63"]
[EventDate "2020.12.13"]
[EventType "swiss (rapid)"]
[EventRounds "7"]
[EventCountry "AUT"]
[SourceTitle "EXT 2022"]
[Source "ChessBase"]
[SourceDate "2021.10.06"]
[SourceVersion "1"]
[SourceVersionDate "2021.10.06"]
[SourceQuality "1"]

1. e4 e6 2. d4 d5 3. Nd2 Nf6 4. e5 Nfd7 5. f4 c5 6. c3 Nc6 7. Ndf3 Qb6 8. a3 Be7 9. h4 f6 10. Bd3 0-0 11. Ne2 a5 12. b3 Qa7 13. Qc2 h6 14. Bh7+ Kh8 15. Ng5 cxd4 16. Bg8 f5 17. Bxe6 dxc3 18. Bxf5 Bxg5 19. hxg5 Ndxe5 20. Bxc8 Raxc8 21. gxh6 g6 22. Qxc3 d4 23. Qg3 Rce8 24. Bb2 d3 25. Qxg6 Re7 26. Rh3 dxe2 27. fxe5 Qg1+ 28. Kd2 Rd8+ 29. Kxe2 Nd4+ 30. Bxd4 Qxd4 31. Qf6+ Kh7 32. Qxe7+ 1-0

[Event "AUT-ch U18 Online Rapid"]
[Site "Playchess.com INT"]
[Date "2020.12.13"]
[Round "7"]
[White "Pali, Philipp"]
[Black "Schmeja, Johannes"]
[Result "1-0"]
[WhiteElo "1990"]
[BlackElo "1391"]
[PlyCount "95"]
[EventDate "2020.12.13"]
[EventType "swiss (rapid)"]
[EventRounds "7"]
[EventCountry "AUT"]
[SourceTitle "EXT 2022"]
[Source "ChessBase"]
[SourceDate "2021.10.06"]
[SourceVersion "1"]
[SourceVersionDate "2021.10.06"]
[SourceQuality "1"]

1. c4 c5 2. g3 g6 3. Bg2 Bg7 4. Nc3 Nc6 5. Nf3 Nf6 6. d4 cxd4 7. Nxd4 0-0 8. 0-0 Nxd4 9. Qxd4 d6 10. Qd3 Bf5 11. e4 Be6 12. b3 Rc8 13. h3 Qd7 14. Kh2 a6 15. a4 b6 16. Be3 Qc7 17. Rac1 Nd7 18. Qc2 Ne5 19. f4 Nc6 20. Nd5 Qb7 21. Nxb6 Nd4 22. Bxd4 Bxd4 23. Nxc8 Rxc8 24. Qd3 Qb6 25. f5 Bd7 26. fxg6 hxg6 27. h4 Kg7 28. Bh3 Bxh3 29. Kxh3 Rh8 30. a5 Qa7 31. b4 g5 32. Qf3 Bf6 33. h5 Qd7+ 34. Kg2 Qa4 35. c5 dxc5 36. bxc5 Qxa5 37. e5 Qd2+ 38. Kh3 Qd7+ 39. Kg2 Qd2+ 40. Kh1 Rxh5+ 41. Qxh5 Qd5+ 42. Qf3 Qxf3+ 43. Rxf3 Bxe5 44. c6 a5 45. c7 Bxc7 46. Rxc7 a4 47. Rxe7 a3 48. Rexf7+ 1-0

[Event "AUT-ch U18 Online Blitz"]
[Site "Playchess.com INT"]
[Date "2020.12.11"]
[Round "1"]
[White "Schmidt, Florian1111"]
[Black "Pali, Philipp"]
[Result "1-0"]
[WhiteElo "1620"]
[BlackElo "2029"]
[PlyCount "51"]
[EventDate "2020.12.11"]
[EventType "swiss (blitz)"]
[EventRounds "7"]
[EventCountry "AUT"]
[SourceTitle "EXT 2022"]
[Source "ChessBase"]
[SourceDate "2021.10.06"]
[SourceVersion "1"]
[SourceVersionDate "2021.10.06"]
[SourceQuality "1"]

1. e4 e6 2. d4 d5 3. Nc3 Bb4 4. e5 c5 5. a3 Bxc3+ 6. bxc3 Ne7 7. Bd3 b6 8. f4 Ba6 9. Nf3 Bxd3 10. Qxd3 Nbc6 11. 0-0 Rc8 12. dxc5 bxc5 13. c4 0-0 14. Ng5 Ng6 15. Be3 d4 16. Bd2 Qe7 17. Qh3 h6 18. Ne4 Rb8 19. Rab1 Rfd8 20. Kh1 Nf8 21. Rxb8 Rxb8 22. f5 exf5 23. Bxh6 gxh6 24. Nf6+ Kg7 25. Nh5+ Kg6 26. Qxf5# 1-0

[Event "AUT-chT2W 2021"]
[Site "Austria"]
[Date "2020.10.11"]
[Round "3.4"]
[White "Pali, Philipp"]
[Black "Jedinger, Andreas"]
[Result "1-0"]
[WhiteElo "2245"]
[BlackElo "2127"]
[PlyCount "101"]
[EventDate "2020.10.09"]
[EventType "team-tourn"]
[EventRounds "11"]
[EventCountry "AUT"]
[SourceTitle "CBM 199 Extra"]
[Source "ChessBase"]
[SourceDate "2021.01.31"]
[SourceVersion "1"]
[SourceVersionDate "2021.01.31"]
[SourceQuality "1"]
[WhiteTeam "Jenbach II"]
[BlackTeam "Rochade Rum"]
[WhiteTeamCountry "AUT"]
[BlackTeamCountry "AUT"]

1. c4 e5 2. g3 Nf6 3. Bg2 h6 4. Nc3 Bb4 5. Nd5 Bc5 6. e3 0-0 7. Ne2 Re8 8. 0-0 d6 9. b3 Nc6 10. Bb2 Bf5 11. d4 exd4 12. Nxd4 Bxd4 13. Bxd4 Nxd4 14. Qxd4 Nd7 15. Rad1 Ne5 16. e4 Bh3 17. f3 Bxg2 18. Kxg2 Nc6 19. Qd3 Rc8 20. Rf2 Qd7 21. Ne3 Qe6 22. Nf5 Qf6 23. a3 h5 24. b4 g6 25. Ne3 Qe5 26. Nd5 Kg7 27. Kg1 f6 28. Kg2 Qe6 29. Nf4 Qe5 30. Qd5 a6 31. Rc2 Rb8 32. Rdd2 Nd8 33. c5 dxc5 34. Qxc5 Qxc5 35. Rxc5 Re7 36. Nd5 Rd7 37. Rxc7 Rxc7 38. Nxc7 Rc8 39. Ne8+ Kh6 40. Nxf6 Ne6 41. f4 Rc3 42. Rd7 Ng7 43. a4 b5 44. axb5 axb5 45. Rb7 g5 46. Rb6 Rc2+ 47. Kf3 Kg6 48. Ne8+ Kf7 49. Nxg7 g4+ 50. Ke3 Rxh2 51. Nf5 1-0

[Event "AUT-ch Vor3 Internet"]
[Site "Playchess.com INT"]
[Date "2020.04.17"]
[Round "9"]
[White "Alvir, Aco"]
[Black "Pali, Philipp"]
[Result "0-1"]
[WhiteElo "2338"]
[BlackElo "2245"]
[PlyCount "46"]
[EventDate "2020.04.17"]
[EventType "swiss (blitz)"]
[EventRounds "9"]
[EventCountry "AUT"]
[SourceTitle "CBM 195 Extra"]
[Source "ChessBase"]
[SourceDate "2020.05.31"]
[SourceVersion "1"]
[SourceVersionDate "2020.05.31"]
[SourceQuality "1"]

1. e4 e6 2. d4 d5 3. Nc3 Bb4 4. e5 c5 5. Bd2 Nh6 6. dxc5 Nd7 7. Nf3 Nxc5 8. a3 Bxc3 9. Bxc3 Ne4 10. Bd4 Nf5 11. Bd3 Nxd4 12. Nxd4 Qb6 13. Bxe4 dxe4 14. 0-0 Bd7 15. b4 Qc7 16. Qh5 h6 17. Rfd1 g6 18. Qh4 Qxe5 19. c4 h5 20. f4 exf3 21. Nxf3 Qe3+ 22. Kh1 Bc6 23. Ne5 Qxe5 0-1

[Event "AUT-ch Vor3 Internet"]
[Site "Playchess.com INT"]
[Date "2020.04.17"]
[Round "5"]
[White "Pali, Philipp"]
[Black "Juenger, Heinz"]
[Result "1-0"]
[WhiteElo "2245"]
[BlackElo "2165"]
[PlyCount "93"]
[EventDate "2020.04.17"]
[EventType "swiss (blitz)"]
[EventRounds "9"]
[EventCountry "AUT"]
[SourceTitle "CBM 195 Extra"]
[Source "ChessBase"]
[SourceDate "2020.05.31"]
[SourceVersion "1"]
[SourceVersionDate "2020.05.31"]
[SourceQuality "1"]

1. c4 Nf6 2. g3 g6 3. Bg2 d5 4. cxd5 Nxd5 5. Nf3 Bg7 6. 0-0 0-0 7. e4 Nb6 8. d4 Na6 9. Nc3 c5 10. Be3 Nc4 11. dxc5 Nxe3 12. fxe3 Nxc5 13. e5 Qd3 14. Nd5 Re8 15. Qxd3 Nxd3 16. Nc7 Bg4 17. Nxa8 Rxa8 18. b3 Nxe5 19. Nxe5 Bxe5 20. Rac1 Rb8 21. Bd5 e6 22. Bf3 Bxf3 23. Rxf3 Rd8 24. Rf2 Kg7 25. Rfc2 Rd3 26. Kf2 h5 27. Ke2 Rd7 28. Rd1 Re7 29. Rc5 f6 30. Rd8 Bc7 31. Ra8 Rd7 32. Rc3 Bb6 33. Rac8 e5 34. Rd3 Re7 35. h3 e4 36. Rd5 Bc7 37. g4 h4 38. b4 Bb6 39. a4 a6 40. a5 Bc7 41. Kd2 Be5 42. Rcd8 Kf7 43. R5d7 Ke6 44. Rxe7+ Kxe7 45. Rh8 Bg3 46. Rh7+ Kd6 47. Rxb7 1-0

[Event "AUT-ch Vor3 Internet"]
[Site "Playchess.com INT"]
[Date "2020.04.17"]
[Round "7"]
[White "Pali, Philipp"]
[Black "Rieger, Robert"]
[Result "1/2-1/2"]
[WhiteElo "2245"]
[BlackElo "2307"]
[PlyCount "121"]
[EventDate "2020.04.17"]
[EventType "swiss (blitz)"]
[EventRounds "9"]
[EventCountry "AUT"]
[SourceTitle "CBM 195 Extra"]
[Source "ChessBase"]
[SourceDate "2020.05.31"]
[SourceVersion "1"]
[SourceVersionDate "2020.05.31"]
[SourceQuality "1"]

1. c4 c6 2. Nf3 d5 3. g3 Nf6 4. Bg2 dxc4 5. 0-0 a5 6. a4 g6 7. Na3 Bg7 8. Nxc4 Na6 9. d3 Be6 10. Be3 Bxc4 11. dxc4 Ne4 12. Qb1 Nec5 13. Nd2 0-0 14. Ne4 Ne6 15. Ra3 f5 16. Rd3 Qc7 17. Ng5 Nxg5 18. Bxg5 Nc5 19. Ra3 e5 20. b4 Ne6 21. Bd2 axb4 22. Qxb4 Nd4 23. Ra2 Nxe2+ 24. Kh1 Nd4 25. Be3 Ne6 26. f4 e4 27. Rb1 Rfb8 28. c5 Qf7 29. Bf1 Nc7 30. Bc4 Nd5 31. Qb3 Rd8 32. Bg1 Rd7 33. a5 Kh8 34. a6 bxa6 35. Rxa6 Rxa6 36. Bxa6 h5 37. Bc4 Kh7 38. Rd1 Qe8 39. Bxd5 Rxd5 40. Rxd5 cxd5 41. Qxd5 e3 42. c6 e2 43. Bf2 e1Q+ 44. Bxe1 Qxe1+ 45. Kg2 Qe2+ 46. Kh3 Qf1+ 47. Qg2 Qc4 48. Qf3 Bf6 49. Kg2 Kh6 50. h3 Qc2+ 51. Qf2 Qc4 52. Qf3 Qc5 53. g4 fxg4 54. hxg4 hxg4 55. Qxg4 Qc2+ 56. Kh3 Qd3+ 57. Kg2 Qd5+ 58. Qf3 Qxf3+ 59. Kxf3 Bd8 60. Kg4 Bc7 61. f5 1/2-1/2

[Event "AUT-ch Vor1 Internet"]
[Site "Playchess.com INT"]
[Date "2020.04.11"]
[Round "6"]
[White "Kucharski, Michael"]
[Black "Pali, Philipp"]
[Result "1/2-1/2"]
[WhiteElo "1927"]
[BlackElo "2245"]
[PlyCount "52"]
[EventDate "2020.04.11"]
[EventType "swiss (blitz)"]
[EventRounds "9"]
[EventCountry "AUT"]
[SourceTitle "CBM 195 Extra"]
[Source "ChessBase"]
[SourceDate "2020.05.31"]
[SourceVersion "1"]
[SourceVersionDate "2020.05.31"]
[SourceQuality "1"]

1. d4 Nf6 2. c4 e6 3. Nc3 Bb4 4. Qc2 0-0 5. a3 Bxc3+ 6. Qxc3 b5 7. cxb5 a6 8. bxa6 Bxa6 9. Bg5 d5 10. Rc1 Nbd7 11. Nf3 h6 12. Bxf6 Nxf6 13. Nd2 Rb8 14. b4 Qd7 15. e3 Bxf1 16. Kxf1 Qb5+ 17. Ke1 Ra8 18. f3 Ra7 19. Kf2 Rfa8 20. Nb1 h5 21. h4 g6 22. Rhd1 Kg7 23. Qc6 Qb8 24. Qc3 Qb5 25. Qc6 Qb8 26. Qc3 Qb5 1/2-1/2

[Event "AUT-ch Vor1 Internet"]
[Site "Playchess.com INT"]
[Date "2020.04.11"]
[Round "3"]
[White "Pali, Philipp"]
[Black "Maister, Dieter"]
[Result "1-0"]
[WhiteElo "2245"]
[BlackElo "1851"]
[PlyCount "47"]
[EventDate "2020.04.11"]
[EventType "swiss (blitz)"]
[EventRounds "9"]
[EventCountry "AUT"]
[SourceTitle "CBM 195 Extra"]
[Source "ChessBase"]
[SourceDate "2020.05.31"]
[SourceVersion "1"]
[SourceVersionDate "2020.05.31"]
[SourceQuality "1"]

1. c4 c6 2. g3 d5 3. Bg2 dxc4 4. Nf3 Nf6 5. 0-0 e6 6. Na3 b5 7. b3 cxb3 8. Qxb3 Nbd7 9. Nd4 b4 10. Nxc6 Qc7 11. Nc4 Bb7 12. N4a5 Bxc6 13. Nxc6 Bd6 14. Bb2 0-0 15. Rac1 Qb6 16. Bd4 Bc5 17. Rxc5 Nxc5 18. Qe3 Nfd7 19. Rc1 Rac8 20. Bxc5 Nxc5 21. Qxc5 Qa6 22. Ne7+ Kh8 23. Nxc8 Qxe2 24. Qxf8# 1-0

[Event "AUT-chT2W 1920"]
[Site "Austria"]
[Date "2020.01.17"]
[Round "6.3"]
[White "Pali, Philipp"]
[Black "Egger, Martin"]
[Result "1-0"]
[WhiteElo "2249"]
[BlackElo "2007"]
[PlyCount "97"]
[EventDate "2019.10.04"]
[EventType "team-tourn"]
[EventRounds "11"]
[EventCountry "AUT"]
[SourceTitle "CBM 195 Extra"]
[Source "ChessBase"]
[SourceDate "2020.05.31"]
[SourceVersion "1"]
[SourceVersionDate "2020.05.31"]
[SourceQuality "1"]
[WhiteTeam "Jenbach II"]
[BlackTeam "Neumarkt"]
[WhiteTeamCountry "AUT"]
[BlackTeamCountry "AUT"]

1. c4 e6 2. g3 d5 3. Nf3 Nf6 4. Bg2 Be7 5. 0-0 0-0 6. b3 c5 7. Bb2 Nc6 8. e3 Ne4 9. d4 cxd4 10. exd4 f5 11. Nbd2 Bd7 12. a3 a5 13. Rc1 Be8 14. Ne5 Nxe5 15. dxe5 Bc6 16. cxd5 exd5 17. Nf3 Bc5 18. Nd4 Qb6 19. Kh1 Bxd4 20. Bxd4 Qd8 21. f3 Ng5 22. h4 Ne6 23. f4 g6 24. Bc5 Nxc5 25. Rxc5 Qb6 26. Qc2 Kf7 27. Rd1 Rfd8 28. Bxd5+ Rxd5 29. Rdxd5 Rc8 30. Qc4 Ke6 31. Rxc6+ Qxc6 32. Qxc6+ Rxc6 33. Rb5 b6 34. Kg2 Kd7 35. Rd5+ Ke7 36. Rd3 b5 37. Rd5 Rc2+ 38. Kh3 Ra2 39. Rxb5 Rxa3 40. Rb7+ Kf8 41. h5 Kg8 42. hxg6 hxg6 43. Kh4 a4 44. bxa4 Rxa4 45. Kg5 Ra3 46. Kxg6 Rxg3+ 47. Kxf5 Ra3 48. Kf6 Ra6+ 49. e6 1-0

[Event "Oberliga Bayern 1920"]
[Site "Bayern"]
[Date "2019.11.10"]
[Round "2.2"]
[White "Kostic, Vladimir G"]
[Black "Pali, Philipp"]
[Result "1/2-1/2"]
[WhiteElo "2265"]
[BlackElo "2267"]
[PlyCount "150"]
[EventDate "2019.10.20"]
[EventType "team-tourn"]
[EventRounds "9"]
[EventCountry "GER"]
[SourceTitle "EXT 2021"]
[Source "ChessBase"]
[SourceDate "2020.10.23"]
[SourceVersion "1"]
[SourceVersionDate "2020.10.23"]
[SourceQuality "1"]
[WhiteTeam "Muenchen Suedost"]
[BlackTeam "Pang/Rosenheim"]
[WhiteTeamCountry "GER"]
[BlackTeamCountry "GER"]

1. Nf3 d5 2. d4 Nf6 3. Bf4 c5 4. e3 Nc6 5. c3 Qb6 6. Qb3 c4 7. Qc2 Bf5 8. Qc1 e6 9. h3 h6 10. Be2 Be7 11. 0-0 0-0 12. Nbd2 Rac8 13. Re1 Bh7 14. Bd1 Qd8 15. Bc2 Bd6 16. Bxh7+ Kxh7 17. Qc2+ Kg8 18. Bxd6 Qxd6 19. e4 dxe4 20. Nxe4 Nxe4 21. Qxe4 Rfd8 22. Nd2 Qd5 23. Qxd5 exd5 24. Nf1 b5 25. a3 a5 26. Ne3 h5 27. g3 g6 28. h4 Rb8 29. Ng2 Rb6 30. Nf4 Kf8 31. Re3 Rb7 32. Rae1 Re7 33. Rxe7 Nxe7 34. Re5 Rd6 35. Kf1 Ke8 36. Re1 Kd7 37. Re5 Ke8 38. Ke1 Kd7 39. Kd2 Ke8 40. f3 Kd7 41. g4 hxg4 42. fxg4 f6 43. Re1 Ra6 44. h5 g5 45. Ng6 Nxg6 46. hxg6 Ra8 47. Rh1 Rg8 48. Rh7+ Kc6 49. Ra7 Rxg6 50. Ra6+ Kc7 51. a4 bxa4 52. Rxa5 Kd6 53. Rxa4 Rh6 54. Ra6+ Ke7 55. Ra7+ Ke6 56. Ra6+ Kf7 57. Ra7+ Kg6 58. Rd7 Rh2+ 59. Kc1 Rg2 60. Rxd5 Rxg4 61. Rc5 Rg1+ 62. Kd2 g4 63. Ke3 Rf1 64. Rxc4 f5 65. Rc8 Rf3+ 66. Ke2 f4 67. Re8 Rh3 68. d5 Rh2+ 69. Kd3 f3 70. d6 Rh1 71. Rf8 Rd1+ 72. Ke3 Rxd6 73. b4 Rc6 74. Kf4 f2 75. Kg3 Rxc3+ 1/2-1/2

[Event "Vienna op"]
[Site "Vienna"]
[Date "2019.08.18"]
[Round "2"]
[White "Pali, Philipp"]
[Black "Buhmann, Rainer"]
[Result "1/2-1/2"]
[WhiteElo "2266"]
[BlackElo "2574"]
[PlyCount "93"]
[EventDate "2019.08.17"]
[EventType "swiss"]
[EventRounds "9"]
[EventCountry "AUT"]
[SourceTitle "EXT 2020"]
[Source "ChessBase"]
[SourceDate "2019.10.17"]
[SourceVersion "1"]
[SourceVersionDate "2019.10.17"]
[SourceQuality "1"]

1. Nf3 d5 2. g3 Bg4 3. Bg2 e6 4. 0-0 Nf6 5. c4 c6 6. d3 Be7 7. cxd5 Bxf3 8. Bxf3 cxd5 9. Qb3 Qd7 10. Nc3 Nc6 11. e4 0-0 12. exd5 Nd4 13. Qd1 Nxf3+ 14. Qxf3 Nxd5 15. Nxd5 exd5 16. Bf4 Bf6 17. Rac1 Rac8 18. Qe2 h5 19. h4 g6 20. Rxc8 Rxc8 21. Rc1 Re8 22. Qf3 Bxb2 23. Rc7 Qe6 24. Rxb7 Bd4 25. Kg2 Rc8 26. Rc7 Rb8 27. Rc2 Re8 28. Rc7 Bb6 29. Rb7 Rc8 30. Rb8 Rxb8 31. Bxb8 Kf8 32. Qf4 Ke8 33. Be5 Kd7 34. Bd4 Kc6 35. Bxb6 axb6 36. Qa4+ Kb7 37. Qb5 Kc7 38. a4 Qc6 39. Kf3 Qf6+ 40. Kg2 Qc6 41. Kf3 Kd6 42. Qb4+ Qc5 43. Qf4+ Ke6 44. Qe3+ Kd7 45. Qf4 Ke6 46. Qe3+ Kd7 47. Qf4 1/2-1/2

[Event "AUT-ch U18"]
[Site "Sankt Veit an der Glan"]
[Date "2019.04.17"]
[Round "6"]
[White "Pali, Philipp"]
[Black "Leisch, Lukas"]
[Result "1/2-1/2"]
[WhiteElo "2160"]
[BlackElo "2241"]
[PlyCount "60"]
[EventDate "2019.04.14"]
[EventType "swiss"]
[EventRounds "7"]
[EventCountry "AUT"]
[SourceTitle "CBM 190 Extra"]
[Source "ChessBase"]
[SourceDate "2019.07.15"]
[SourceVersion "1"]
[SourceVersionDate "2019.07.15"]
[SourceQuality "1"]

1. e4 c5 2. Ne2 Nc6 3. d4 cxd4 4. Nxd4 e6 5. Nc3 Qc7 6. Be2 Nf6 7. 0-0 Be7 8. Be3 0-0 9. f4 d6 10. Bf3 Nxd4 11. Qxd4 e5 12. Qd2 exf4 13. Bxf4 Be6 14. Kh1 Rac8 15. Rad1 Rfd8 16. Qf2 a6 17. Qg3 Qb6 18. e5 dxe5 19. Bxe5 Rxd1 20. Rxd1 Ne8 21. Nd5 Bxd5 22. Bxd5 Bf6 23. Bb3 Rd8 24. Rxd8 Qxd8 25. h3 g6 26. a4 Kg7 27. Qf4 Qe7 28. Bd4 Bxd4 29. Qxd4+ Qf6 30. Qxf6+ Kxf6 1/2-1/2

[Event "AUT-chT2W 1819"]
[Site "Austria"]
[Date "2019.03.10"]
[Round "11.3"]
[White "Pali, Philipp"]
[Black "De Francesco, Klaus"]
[Result "1-0"]
[WhiteElo "2071"]
[BlackElo "2288"]
[PlyCount "113"]
[EventDate "2018.10.12"]
[EventType "team-tourn"]
[EventRounds "11"]
[EventCountry "AUT"]
[SourceTitle "CBM 189 Extra"]
[Source "ChessBase"]
[SourceDate "2019.06.03"]
[SourceVersion "1"]
[SourceVersionDate "2019.06.03"]
[SourceQuality "1"]
[WhiteTeam "Oberland"]
[BlackTeam "Absam"]
[WhiteTeamCountry "AUT"]
[BlackTeamCountry "AUT"]

1. Nf3 d5 2. g3 Nf6 3. Bg2 Nbd7 4. c4 dxc4 5. Na3 Nb6 6. Ne5 c6 7. Naxc4 Nxc4 8. Nxc4 g6 9. 0-0 Bg7 10. d3 0-0 11. Bd2 Nd5 12. Qc2 Bg4 13. Rfe1 Qd7 14. Rab1 Nb6 15. b4 Nxc4 16. Qxc4 Be6 17. Qc2 Bd5 18. e4 Be6 19. Be3 Bd4 20. a4 Rfd8 21. Bxd4 Qxd4 22. Bf1 Rd7 23. Rec1 Rad8 24. b5 cxb5 25. Rxb5 b6 26. a5 Rd6 27. axb6 Rxb6 28. Rxb6 axb6 29. Rb1 Rd6 30. Qb2 Qxb2 31. Rxb2 f6 32. Rb4 Bd7 33. d4 e5 34. d5 g5 35. Bb5 Bxb5 36. Rxb5 g4 37. h3 h5 38. hxg4 hxg4 39. f3 gxf3 40. Kf2 Kf7 41. Kxf3 Kg6 42. Kg4 f5+ 43. exf5+ Kf6 44. Rb4 Rxd5 45. Rxb6+ Kf7 46. Kg5 Rd7 47. Rf6+ Kg7 48. Re6 Rd5 49. g4 Kf7 50. Ra6 Rd7 51. Rf6+ Kg7 52. Re6 Rd5 53. f6+ Kf7 54. Re7+ Kf8 55. Kg6 Ra5 56. Rb7 Ra8 57. Rh7 1-0

[Event "AUT-chT2W 1819"]
[Site "Austria"]
[Date "2019.02.09"]
[Round "7.5"]
[White "Pali, Philipp"]
[Black "Stadler, Alexander"]
[Result "1-0"]
[WhiteElo "2071"]
[BlackElo "2114"]
[PlyCount "107"]
[EventDate "2018.10.12"]
[EventType "team-tourn"]
[EventRounds "11"]
[EventCountry "AUT"]
[SourceTitle "CBM 189 Extra"]
[Source "ChessBase"]
[SourceDate "2019.06.03"]
[SourceVersion "1"]
[SourceVersionDate "2019.06.03"]
[SourceQuality "1"]
[WhiteTeam "Oberland"]
[BlackTeam "Ranshofen"]
[WhiteTeamCountry "AUT"]
[BlackTeamCountry "AUT"]

1. e4 e5 2. Bc4 Nf6 3. d3 c6 4. Nf3 Be7 5. 0-0 d6 6. Ng5 d5 7. Bb3 0-0 8. Nc3 a5 9. a3 Ra6 10. h3 Nbd7 11. Nf3 Bc5 12. Nxe5 Nxe5 13. d4 Bg4 14. Qd2 Nxe4 15. Nxe4 dxe4 16. dxc5 Qxd2 17. Bxd2 Bh5 18. Bf4 Nd7 19. Be3 a4 20. Bc4 Raa8 21. Bd4 Rfe8 22. b4 Ne5 23. Bxe5 Rxe5 24. g4 Bg6 25. Rfe1 Rae8 26. Rad1 h5 27. Rd6 Kf8 28. Kg2 hxg4 29. hxg4 f6 30. Kg3 e3 31. f4 R5e7 32. Rh1 Rc7 33. Rh8+ Ke7 34. Re6+ Kd7 35. Rhxe8 Bxe8 36. Rxe3 Kd8 37. f5 Bf7 38. Bxf7 Rxf7 39. Kf4 Rf8 40. Rh3 Ke7 41. g5 Rd8 42. g6 Rd4+ 43. Ke3 Rc4 44. Rh7 Rc3+ 45. Kd4 Rxa3 46. Rxg7+ Kf8 47. Rf7+ Kg8 48. Rxb7 Rf3 49. b5 a3 50. bxc6 a2 51. Ra7 Rf4+ 52. Kd5 Rxf5+ 53. Kd6 Rf1 54. c7 1-0